Vida breve de San Ignacio de Loyola /
El autor, Antonio Astrain Ansoáin (1857-1928), jesuita español, formado en el en el noviciado de Poyanne al sur de Francia, que fuera refugio de la orden tras la expulsión jesuita de los dominios españoles por la Revolución de 1868. Le fue encargada la tarea de escribir la historia de la orden por e...
Guardado en:
| Autor principal: | |
|---|---|
| Formato: | Libro |
| Idioma: | Español |
| Publicado: |
México :
Tradición,
1974
|
| Colección: | (La Verdadera Historia ;
8) |
| Temas: | |
| Etiquetas: |
Sin etiquetas, Sé el primero en etiquetar este registro!
|
MARC
| LEADER | 00000nam^a2200000^a^4500 | ||
|---|---|---|---|
| 001 | 000567872 | ||
| 005 | 20250526000000.0 | ||
| 009 | 20260310132136.279 | ||
| 037 | |a Acervo ITESO - Biblioteca | ||
| 041 | |a ESP | ||
| 082 | |a 255. 53 |b IGN EST AST | ||
| 100 | |a Astrain, Antonio |e (autor) | ||
| 240 | 1 | 1 | |a [Vida breve de San Ignacio de Loyola, fundador de la Compañía de Jesús] |
| 245 | 1 | 0 | |a Vida breve de San Ignacio de Loyola / |c A. Astrain. |
| 264 | 1 | |a México : |b Tradición, |c 1974 | |
| 300 | |a 119 p. ; |c 19.0 cm. | ||
| 336 | |a texto |b txt |2 rdacontenido | ||
| 337 | |a sin mediación |b n |2 rdamedio | ||
| 338 | |a volumen |b nc |2 rdasoporte | ||
| 440 | 4 | |a (La Verdadera Historia ; |v 8) | |
| 520 | |a El autor, Antonio Astrain Ansoáin (1857-1928), jesuita español, formado en el en el noviciado de Poyanne al sur de Francia, que fuera refugio de la orden tras la expulsión jesuita de los dominios españoles por la Revolución de 1868. Le fue encargada la tarea de escribir la historia de la orden por el Prepósito General Luis Martín. Para 1921 publicó esta breve vida de San Ignacio de Loyola para celebrar los 400 años de su conversión, es decir de la herida que recibió y que suscitó su convalecencia y posterior transformación. También dirigió la revista El Mensajero del Corazón de Jesús entre 1890 y 1893. | ||
| 561 | |a Ex libris manuscrito de Javier Pulido Rodrigues | ||
| 649 | |a XX | ||
| 650 | |a Jesuitas - |x Biografías | ||
| 650 | |a Santos - |x Biografías | ||
| 650 | |a Ministros Religiosos Españoles - |x Biografías | ||
| 650 | |a Jesuitas - |x Historia | ||
| 650 | |a Monasticismo y Ordenes Religiosas - |x Historia | ||
| 650 | |a Iglesia Católica - |x Historia - |y Siglo XVI | ||
| 650 | |a Catolicismo - |x Historia | ||
| 650 | |a Cristianismo - |x Historia | ||
| 650 | |a Religión - |x Historia | ||
| 650 | |a Ignacio de Loyola, Santo - |x Tema Principal | ||
| 910 | |a Fondo Jesús Gómez Fregoso S.J. ITE | ||
| 920 | |a Impresos - Libros | ||
| 930 | |a Libros Antiguos y Raros | ||
| 940 | |a Jesuitas | ||
| 905 | |a 138 | ||
| 901 | |a 0500400868 |b IT2 |c LRA |i D68878 |u 20250526 | ||
| 902 | |a https://opac.biblio.iteso.mx/vufind/Record/000567872 | ||